000
00255 a2200121 4500
001
142409
040
_c
Leonardo Da Vinci
041
_a
Português
082
_a
v150
245
_a
HISTÓRIA do século XX
697
_a
História
_a
Século XX
942
_c
VM
999
_c
142409
_d
142409